Ensayos críticos / (Record no. 64852)

MARC details
000 -LEADER
campo de control de longitud fija 00608nam a2200193 i 4500
001 - NÚMERO DE CONTROL
campo de control 64852
003 - IDENTIFICADOR DE NÚMERO DE CONTROL
campo de control ES-MaACL
005 - FECHA Y HORA DE LA ÚLTIMA TRANSACCIÓN
campo de control 20230906165229.0
007 - CAMPO FIJO DE DESCRIPCIÓN FÍSICA--INFORMACIÓN GENERAL
campo de control de longitud fija t|
008 - DATOS DE LONGITUD FIJA--INFORMACIÓN GENERAL
campo de control de longitud fija 040107s1979 sp ||||1| spa d
100 1# - ENTRADA PRINCIPAL--NOMBRE DE PERSONA
Nombre de persona Forster, E. M.
9 (RLIN) 51821
245 10 - MENCIÓN DEL TÍTULO
Título Ensayos críticos /
Mención de responsabilidad, etc. Edward M. Forster ; versión de Manuel García Viso y Aurelio Martínez Benito.
260 ## - PUBLICACIÓN, DISTRIBUCIÓN, ETC.
Lugar de publicación, distribución, etc. [Madrid] :
Nombre del editor, distribuidor, etc. Taurus,
Fecha de publicación, distribución, etc. [1979]
300 ## - DESCRIPCIÓN FÍSICA
Extensión 188 p. ;
Dimensiones 21 cm.
700 1# - ENTRADA AGREGADA--NOMBRE PERSONAL
Nombre de persona García Viso, Manuel.
9 (RLIN) 55420
700 1# - ENTRADA AGREGADA--NOMBRE PERSONAL
Nombre de persona Martínez Benito, Aurelio.
9 (RLIN) 77891
852 ## - LOCALIZACIÓN
Ubicación ES-MaACL
Número de control de estantería A-9530
Sublocalización o colección R.98714
852 ## - LOCALIZACIÓN
Ubicación ES-MaACL
Número de control de estantería A-9605
Sublocalización o colección R.98898
Holdings
Estatus retirado Estado de pérdida Estado de daño No para préstamo Biblioteca de origen Biblioteca actual Ubicación en estantería Fecha de adquisición Fuente de adquisición Total de préstamos Signatura topográfica completa Código de barras Visto por última vez Precio de reemplazo Tipo de ítem Koha
        Biblioteca del Ateneo de Madrid Biblioteca del Ateneo de Madrid Depósito 1 17/01/2008     A-9605 1067952 23/02/2023 23/02/2023 Libro impreso
        Biblioteca del Ateneo de Madrid Biblioteca del Ateneo de Madrid Depósito 1 17/01/2008     A-9530 1067951 23/02/2023 23/02/2023 Libro impreso